| 000 | 01486nam a2200301 a 4500 | ||
|---|---|---|---|
| 999 |
_c329626 _d329626 |
||
| 003 | BLK | ||
| 005 | 20240704112705.0 | ||
| 008 | 190327b bu |||||r|||| 00| 0 bu d | ||
| 020 | _a9789543901470 | ||
| 040 | _aBLK | ||
| 041 |
_aBUL _cBUL |
||
| 080 |
_aПрирода на морала. Етични фактори _b17.02 _z17.02 |
||
| 080 |
_aОсобености на духовния живот. Съзнание. Духовно развитие на човека. Диференциална психология. Генетична психология. Еволюционна психология _b159.922 _z159.922 |
||
| 100 |
_aПанцар, Катя _eпърви автор _91299 |
||
| 139 |
_aПанцар, Катя _bП 17 |
||
| 245 |
_aСису : финландският начин за постигане на щастие, хармония, жизненост и благополучие _c Катя Панцар ; прев. Даня Доганова |
||
| 260 |
_9211108 _aСофия _bSkyPrint _c2018 _fСофия: Кушовалиев |
||
| 300 |
_a214 с. _c21 см |
||
| 380 | _a1 | ||
| 500 | _aОриг. загл.: Finding sisu / Katja Pantzar | ||
| 653 | 7 |
_9196049 _aсамоусъвършенстване |
|
| 653 | 7 |
_9200900 _aщастие |
|
| 700 |
_aДоганова, Даня Борисова _d1956 - _9305336 |
||
| 852 | _aЦб 294171 | ||
| 942 |
_cKNG _n0 |
||
| 944 |
_aCR _c2019-03-27 _k30560 _lГеновева Генчева |
||
| 999 | _d329626 | ||